All Countries that have Ever Won Eurovision - Statistics

General Stats
  • This quiz has been taken 171 times
  • The average score is 61 of 63
Answer Stats
Years Country % Correct
1966 Austria
100%
2014 Austria
100%
2017 Portugal
100%
1974 Sweden
100%
1984 Sweden
100%
1991 Sweden
100%
1999 Sweden
100%
2012 Sweden
100%
2015 Sweden
100%
1967 United Kingdom
100%
1976 United Kingdom
100%
1981 United Kingdom
100%
1997 United Kingdom
100%
1963 Denmark
99%
2000 Denmark
99%
2013 Denmark
99%
1958 France
99%
1960 France
99%
1962 France
99%
1969 France
99%
1977 France
99%
1982 Germany
99%
2010 Germany
99%
1957 Netherlands
99%
1959 Netherlands
99%
1969 Netherlands
99%
1975 Netherlands
99%
1985 Norway
99%
1995 Norway
99%
2009 Norway
99%
2004 Ukraine
99%
2016 Ukraine
99%
2006 Finland
98%
1970 Ireland
98%
1980 Ireland
98%
1987 Ireland
98%
1992 Ireland
98%
1993 Ireland
98%
1994 Ireland
98%
1996 Ireland
98%
2008 Russia
98%
1969 Spain
97%
1986 Belgium
96%
2001 Estonia
96%
2005 Greece
96%
1964 Italy
96%
1990 Italy
96%
2002 Latvia
96%
1956 Switzerland
96%
1988 Switzerland
96%
2007 Serbia
94%
1961 Luxembourg
93%
1965 Luxembourg
93%
1972 Luxembourg
93%
1973 Luxembourg
93%
1983 Luxembourg
93%
1978 Israel
91%
1979 Israel
91%
1998 Israel
91%
2011 Azerbaijan
89%
2003 Turkey
89%
1971 Monaco
82%
1989 Yugoslavia
75%
No matching quizzes found
Score Distribution
Percent of People with Each Score
Percentile by Number Answered
Your Score History
You have not taken this quiz